La historiografia literaria en América Central: 1957-1987 /
Gardado en:
| Autores principales: | , |
|---|---|
| Outros autores: | |
| Formato: | Libro |
| Idioma: | Spanish |
| Publicado: |
Heredia, Costa Rica:
Editorial Fundación UNA,
1995.
|
| Materias: | |
| Etiquetas: |
Engadir etiqueta
Sen Etiquetas, Sexa o primeiro en etiquetar este rexistro!
|
MARC
| LEADER | 00000nam a22000007a 4500 | ||
|---|---|---|---|
| 008 | 150513s1995 cr |r|||| 00| 0 spa d | ||
| 020 | |a 9977906742 | ||
| 040 | |a CRU CIICLA | ||
| 041 | |a spa | ||
| 082 | |a A860.9 |b Z39h | ||
| 100 | 1 | |a Zavala, Magda | |
| 100 | |a Araya Solano, Seidy | ||
| 245 | 1 | 3 | |a La historiografia literaria en América Central: 1957-1987 / |c Magda Savala, Seidy Araya ; con la colaboración de Albino Chacón |
| 260 | |a Heredia, Costa Rica: |b Editorial Fundación UNA, |c 1995. | ||
| 300 | |a 228 páginas | ||
| 650 | 1 | 7 | |9 59 |a LITERATURA CENTROAMERICANA |x HISTORIA Y CRITICA |
| 700 | 1 | |a Chacón Gutiérrez, Albino |e colaborador | |
| 942 | |2 ddc |c BK | ||
| 999 | |c 4099 |d 4099 | ||



